00450 a2200121 450000500170000002000220001708200160003924500300005526000580008530000380014370000760018185600710025720250714174913.0 a978-9912-9876-7-8 a348.42 TAN  aTanzania law reports 2014 aDar es Salaam, bMartisayi Solutions Limited, c2014. alii, 640.; bReferences, c23cm.  aMTAKI, C. K. & MAKARAMBA, R. V. & NDITI, N. N. N. & MWIMALI, B. J.  yAccess online bookfTanzania law reports 2014dwww.martisayi.co.tz